LEADER 00826nam a2200217 u 4500 001 000000069042 003 CaOOAMICUS 005 20070226121850.0 008 020404s1929 it u000 u ita u 035 $a10925530 040 $aPUL(R)$bita 100 1 $aArdau, Giuseppe.$0(OLS)http://pul/name/45894 245 12$aL'eloquenza mussoliniana /$cGiuseppe Ardau ; prefazione di Salvator Gotta. 260 $aMilano :$bA. Mondadori,$c1929. 300 $a179 p. ;$c20 cm 600 14$aMussolini, Benito,$d1883-1945.$0(OLS)http://pul/subject/3161 850 $aPUL 852 $aPUL$W1$xDP2 Filosofia 1$y62$m118 G 28$j89261$nBK-PRI$b $qStampati$B89261$CPULBib$Z2$F89261 $81 941 1 $a8 996 $6245$aL'eloquenza mussoliniana$9(OLS)http://pul/title/91214 996 $6260$aMilano :$bA. Mondadori$9(OLS)http://pul/publisher/48249 LEADER 01422nam a2200325 a 4500 001 000000139622 003 CaOOAMICUS 005 20140908131209.0 008 140908s2014 it u000 u ita r 020 $a978-88-372-2755-5 040 $aPUL$bita 041 1 $aita$hger 082 04$a230 100 1 $aSchlick, Moritz.$0(OLS)http://pul/name/90019 240 10$aPhilosophische Bedeutung des Relativitätsprinzips.$lItaliano.$0(OLS)http://pul/title/176750 245 13$aIl significato filosofico del principio di relativitą /$cMoritz Schlick ; a cura di Renato Pettoello. 260 $aBrescia :$bMorcelliana,$c©2014. 300 $a129 p. ;$c19 cm 490 1 $aIl pellicano rosso. Nuova serie ;$v202 650 4$aRelativitą (fisica).$0(OLS)http://pul/subject/23136 700 1 $aPettoello, Renato.$0(OLS)http://pul/name/40712 830 3$aIl pellicano rosso.$pNuova serie ;$v202.$0(OLS)http://pul/title/103420 850 $aPUL 852 $aPUL$W1$xSL Religione 3$y85$m230 COLL 12.202$j161245$qDDC 21$B160714$CPULBib$Z2$F160714 $H124608 $82 941 1 $a9 996 $6020$a978-88-372-2755-5$9(OLS)http://pul/number/155931 996 $6082$a230$9(OLS)http://pul/classification/368 996 $6245$aIl significato filosofico del principio di relativitą$9(OLS)http://pul/title/176749 996 $6260$aBrescia :$bMorcelliana$9(OLS)http://pul/publisher/47854